000
00237nam a2200109Ia 4500
100
_a
CIMI-DGET
942
_c
BK
245
_a
IINFORMATION TECH.ELECTRONIC SYSTEM MAINTENANCE
260
_b
CIMI
_a
Chennai
546
_a
ENGLISH
999
_c
27834
_d
27834